算用数字を含む駅名 - Statistics

General Stats
  • This quiz has been taken 39 times
  • The average score is 10 of 16
Answer Stats
都道府県 Answer 補足 % Correct
東京都 羽田空港第1ターミナル駅 東京モノレール羽田空港線(東京モノレール)
78%
東京都 羽田空港第1・第2ターミナル駅 空港線(京急電鉄)
78%
千葉県 空港第2ビル駅 成田線(JR東日本) 本線・成田空港線(京成電鉄)
78%
東京都 羽田空港第3ターミナル駅 空港線(京急電鉄) 東京モノレール羽田空港線(東京モノレール)
78%
東京都 羽田空港第2ターミナル駅 東京モノレール羽田空港線(東京モノレール)
75%
北海道 北12条駅 南北線(札幌市交通局)
61%
北海道 北24条駅 南北線(札幌市交通局)
61%
北海道 北18条駅 南北線(札幌市交通局)
58%
北海道 西18丁目駅 東西線(札幌市交通局)
58%
北海道 西11丁目駅 東西線(札幌市交通局)
56%
北海道 北34条駅 南北線(札幌市交通局)
53%
北海道 西28丁目駅 東西線(札幌市交通局)
50%
北海道 南郷7丁目駅 東西線(札幌市交通局)
50%
北海道 南郷18丁目駅 東西線(札幌市交通局)
47%
北海道 南郷13丁目駅 東西線(札幌市交通局)
44%
北海道 北13条東駅 東豊線(札幌市交通局)
39%
No matching quizzes found
Score Distribution
Percent of People with Each Score
Percentile by Number Answered
Your Score History
You have not taken this quiz